00784 2200277 4500001002100000005001500021035002000036007000300056040001600059245008200075250001200157300004200169020001800211041000800229082000800237090002200245264003300267336002100300337003000321338002300351650003100374850001000405008004100415100002700456990002300483INLIS00000000000441120260526112033 a0010-0122000043ta aSPBUPDbind1 aPenuntun Praktis Belajar Database Menggunakan Microsoft Access /cAbdul Kadir a.-cet.1 axii, 472 hal. :billus. ;c16 x 23 cm a979-731-377-7 aind a005 a005.3 MEN m L1-10 a.--Yogyakarta :bAndi,c2009 2rdacontentaTeks 2rdamediaaTanpa Perantara 2rdacarrieraVolume 4aperangkat lunak - komputer aPUPAD260526 0 0 aAbdul KadirePengarang a2964/BR/ARPUS/2007